| 000 | 00576nam a2200193 i 4500 | ||
|---|---|---|---|
| 001 | 90394 | ||
| 003 | ES-MaACL | ||
| 007 | t| | ||
| 008 | 050120s1985 sp ||||1| spa d | ||
| 020 | _a84-271-1414-1 | ||
| 245 | 0 | 3 |
_aEl lenguaje _b: (diccionario de lingüística) / _crealizado bajo la dirección de Bernard Pottier. |
| 260 |
_aBilbao : _bMensajero, _c[1985] |
||
| 300 |
_a588 p. ; _c23 cm. |
||
| 490 | 1 | _aIdeas / Obras / Hombres | |
| 500 | _aIndice. | ||
| 830 | 0 |
_aIdeas / Obras / Hombres _9231939 |
|
| 852 |
_aES-MaACL _jL-8813 _bR.109332 |
||
| 999 |
_c90394 _d90394 |
||